Pazz & Jop Best Albums - Statistics

General Stats
  • This quiz has been taken 8 times
  • The average score is 17 of 45
Answer Stats
Year Album Album % Correct
1984 Bruce Springsteen Born in the U.S.A.
86%
1991 Nirvana Nevermind
86%
1983 Michael Jackson Thriller
86%
2016 David Bowie Blackstar
71%
1986 Paul Simon Graceland
71%
1980 The Clash London Calling
71%
1977 Sex Pistols Never Mind the Bollocks, Here's the Sex Pistols
71%
2012 Frank Ocean Channel Orange
57%
2017 Kendrick Lamar Damn
57%
2010 Kanye West My Beautiful Dark Twisted Fantasy
57%
1996 Beck Odelay
57%
2003 Outkast Speakerboxxx/ The Love Below
57%
2000 Outkast Stankonia
57%
2004 Kanye West The College Dropout
57%
2015 Kendrick Lamar To Pimp a Butterfly
57%
1993 Liz Phair Exile in Guyville
43%
2005 Kanye West Late Registration
43%
2009 Animal Collective Merriweather Post Pavilion
43%
1981 The Clash Sandinista!
43%
1976 Stevie Wonder Songs in the Key of Life
43%
2007 LCD Soundsystem Sound of Silver
43%
2002 Wilco Yankee Hotel Foxtrot
43%
2013 Kanye West Yeezus
43%
1974 Joni Mitchell Court and Spark
29%
2018 Kacey Musgraves Golden Hour
29%
1988 Public Enemy It Takes a Nation of Millions to Hold Us Back
29%
1994 Hole Live Through This
29%
1987 Prince Sign o' the Times
29%
1975 Bob Dylan and The Band The Basement Tapes
29%
1978 Elvis Costello and the Attractions This Year's Model
29%
1997 Bob Dylan Time Out of Mind
29%
1989 De La Soul 3 Feet High and Rising
14%
2014 D'Angelo and the Vanguard Black Messiah
14%
1998 Lucinda Williams Car Wheels on a Gravel Road
14%
1982 Elvis Costello and the Attractions Imperial Bedroom
14%
1985 Talking Heads Little Creatures
14%
1979 Graham Parker Squeezing Out Sparks
14%
1992 Arrested Development 3 Years, 5 Months & 2 Days in the Life Of...
0%
2008 TV on the Radio Dear Science
0%
2001 Bob Dylan Love and Theft
0%
2006 Bob Dylan Modern Times
0%
1999 Moby Play
0%
1990 Neil Young and Crazy Horse Ragged Glory
0%
1995 PJ Harvey To Bring You My Love
0%
2011 Tune-Yards Whokill
0%
No matching quizzes found
Score Distribution
Percent of People with Each Score
Percentile by Number Answered
Your Score History
You have not taken this quiz